[Event "Titled Tuesday intern op 03rd Jan Late"]
[Site "Chess.com INT"]
[Date "2023.01.03"]
[Round "9"]
[White "Almagro Mazariegos, Sebastian"]
[Black "Berezin, Viktor1111"]
[Result "0-1"]
[WhiteElo "2280"]
[BlackElo "2307"]
[PlyCount "76"]
[EventDate "2023.01.03"]
[EventType "swiss (blitz)"]
[EventRounds "11"]
[EventCountry "USA"]
[SourceTitle "EXT 2024"]
[Source "ChessBase"]
[SourceDate "2023.10.10"]
[SourceVersion "1"]
[SourceVersionDate "2023.10.10"]
[SourceQuality "1"]

1. e4 g6 2. d4 Bg7 3. Nf3 d6 4. Nc3 Nf6 5. Be2 0-0 6. 0-0 Nc6 7. d5 Nb8 8. Bg5 e5 9. dxe6 Bxe6 10. Qd2 Nbd7 11. Bh6 Re8 12. Bxg7 Kxg7 13. Ng5 Nc5 14. Qd4 h6 15. Nf3 Kg8 16. e5 Nh5 17. exd6 cxd6 18. Rfd1 Rc8 19. Bb5 Rf8 20. Qxd6 Qf6 21. Qe5 a6 22. Qxf6 Nxf6 23. Be2 Bf5 24. Nd4 Bd7 25. Bf3 b5 26. a3 Rfd8 27. Rd2 g5 28. h3 h5 29. Rad1 g4 30. hxg4 hxg4 31. Bd5 Kg7 32. Ba2 Rh8 33. Nde2 Bf5 34. Ng3 Bg6 35. Nd5 Nce4 36. Nxe4 Nxe4 37. Re2 Rh7 38. Nf4 Rch8 0-1

[Event "Titled Tuesday intern op 03rd Jan Late"]
[Site "Chess.com INT"]
[Date "2023.01.03"]
[Round "11"]
[White "Almagro Mazariegos, Sebastian"]
[Black "Fishbein, Mitch"]
[Result "1-0"]
[WhiteElo "2280"]
[BlackElo "2098"]
[PlyCount "89"]
[EventDate "2023.01.03"]
[EventType "swiss (blitz)"]
[EventRounds "11"]
[EventCountry "USA"]
[SourceTitle "EXT 2024"]
[Source "ChessBase"]
[SourceDate "2023.10.10"]
[SourceVersion "1"]
[SourceVersionDate "2023.10.10"]
[SourceQuality "1"]

1. e4 c5 2. Nf3 e6 3. d4 cxd4 4. Nxd4 Nc6 5. Nc3 Qc7 6. g3 a6 7. Bg2 Nf6 8. 0-0 Nxd4 9. Qxd4 Bc5 10. Bf4 d6 11. Qd3 h6 12. Na4 e5 13. Nxc5 dxc5 14. Be3 Be6 15. Qc3 Rc8 16. a4 0-0 17. a5 Rfd8 18. f3 Qc6 19. Rfd1 Qb5 20. Bf1 c4 21. b3 Rxd1 22. Rxd1 Qc6 23. b4 Nd7 24. Qd2 b5 25. c3 Kh7 26. g4 Nf8 27. Qd6 Ng6 28. Qxc6 Rxc6 29. Kf2 Nf4 30. Bc5 g5 31. Rd8 Kg7 32. Ra8 h5 33. h3 h4 34. Ke3 Bc8 35. Ra7 Kf6 36. Be7+ Kg6 37. Bc5 Ne6 38. Be7 Rc7 39. Rxc7 Nxc7 40. Bd6 Ne6 41. Bxe5 f6 42. Bd6 Bd7 43. Be2 Nf8 44. Bxf8 Be6 45. Bd6 1-0

[Event "Titled Tuesday intern op 03rd Jan Late"]
[Site "Chess.com INT"]
[Date "2023.01.03"]
[Round "5"]
[White "Schill, William"]
[Black "Almagro Mazariegos, Sebastian"]
[Result "0-1"]
[WhiteElo "2147"]
[BlackElo "2280"]
[PlyCount "64"]
[EventDate "2023.01.03"]
[EventType "swiss (blitz)"]
[EventRounds "11"]
[EventCountry "USA"]
[SourceTitle "EXT 2024"]
[Source "ChessBase"]
[SourceDate "2023.10.10"]
[SourceVersion "1"]
[SourceVersionDate "2023.10.10"]
[SourceQuality "1"]

1. e4 c5 2. Nf3 d6 3. d4 cxd4 4. Nxd4 Nf6 5. Nc3 a6 6. Bg5 e6 7. f4 Qb6 8. Qd2 Nc6 9. 0-0-0 Nxd4 10. Qxd4 Qxd4 11. Rxd4 Be7 12. Be2 Bd7 13. e5 dxe5 14. fxe5 Nd5 15. Bxe7 Nxc3 16. bxc3 Kxe7 17. Bf3 Bc6 18. Bxc6 bxc6 19. Rd6 Rac8 20. Rhd1 Rhd8 21. c4 f6 22. c5 fxe5 23. c4 e4 24. Kc2 Rf8 25. Rd7+ Kf6 26. Rf1+ Ke5 27. Rxf8 Rxf8 28. Rxg7 Rf2+ 29. Kc3 Rxa2 30. Rxh7 e3 31. Rb7 Rxg2 32. h4 Ke4 0-1

[Event "Titled Tuesday intern op 05th Apr Late"]
[Site "Chess.com INT"]
[Date "2022.04.05"]
[Round "4"]
[White "Adewumi, Tanitoluwa"]
[Black "Almagro Mazariegos, Sebastian"]
[Result "1-0"]
[WhiteElo "2177"]
[BlackElo "2280"]
[PlyCount "53"]
[EventDate "2022.04.05"]
[EventType "swiss (blitz)"]
[EventRounds "11"]
[EventCountry "USA"]
[SourceTitle "CBM 207 Extra"]
[Source "ChessBase"]
[SourceDate "2022.05.31"]
[SourceVersion "1"]
[SourceVersionDate "2022.05.31"]
[SourceQuality "1"]

1. e4 c5 2. Nf3 d6 3. Bb5+ Bd7 4. Bxd7+ Qxd7 5. 0-0 Nc6 6. c3 Nf6 7. Re1 e6 8. d4 cxd4 9. cxd4 d5 10. exd5 Nxd5 11. Nc3 Be7 12. Qb3 0-0 13. Be3 Nxc3 14. bxc3 Na5 15. Qc2 Nc4 16. Bg5 Bd6 17. Re4 Rac8 18. Rae1 b5 19. Rh4 f5 20. Bc1 Rfe8 21. Qe2 a6 22. Ng5 Be7 23. Qh5 Bxg5 24. Qxh7+ Kf7 25. Qh5+ Kg8 26. Bxg5 Nd6 27. Bf6 1-0

[Event "Titled Tuesday intern op 05th Apr Late"]
[Site "Chess.com INT"]
[Date "2022.04.05"]
[Round "8"]
[White "Almagro Mazariegos, Sebastian"]
[Black "Szente Varga, Fruzsina"]
[Result "0-1"]
[WhiteElo "2280"]
[BlackElo "2092"]
[PlyCount "26"]
[EventDate "2022.04.05"]
[EventType "swiss (blitz)"]
[EventRounds "11"]
[EventCountry "USA"]
[SourceTitle "CBM 207 Extra"]
[Source "ChessBase"]
[SourceDate "2022.05.31"]
[SourceVersion "1"]
[SourceVersionDate "2022.05.31"]
[SourceQuality "1"]

1. e4 e5 2. Nf3 Nc6 3. d4 exd4 4. Nxd4 Qf6 5. Nxc6 dxc6 6. Bd3 Be6 7. 0-0 0-0-0 8. Nc3 h5 9. Qe2 Nh6 10. Qxh5 Bd6 11. f4 Ng4 12. e5 Bc5+ 13. Kh1 Rxh5 0-1

[Event "Titled Tuesday intern op 29th Mar Late"]
[Site "Chess.com INT"]
[Date "2022.03.29"]
[Round "3"]
[White "Almagro Mazariegos, Sebastian"]
[Black "Samarth, J Rao"]
[Result "0-1"]
[WhiteElo "2280"]
[BlackElo "1664"]
[PlyCount "78"]
[EventDate "2022.03.29"]
[EventType "swiss (blitz)"]
[EventRounds "11"]
[EventCountry "USA"]
[SourceTitle "CBM 207 Extra"]
[Source "ChessBase"]
[SourceDate "2022.05.31"]
[SourceVersion "1"]
[SourceVersionDate "2022.05.31"]
[SourceQuality "1"]

1. e4 c5 2. Nf3 d6 3. d4 cxd4 4. Nxd4 Nf6 5. Nc3 a6 6. f3 e5 7. Nb3 Be7 8. Be3 Be6 9. Qd2 h5 10. Nd5 Nxd5 11. exd5 Bf5 12. c4 Nd7 13. Be2 b6 14. 0-0 a5 15. Rac1 Nc5 16. Na1 Na6 17. b3 g5 18. a3 f6 19. b4 h4 20. h3 Bd7 21. Nb3 a4 22. Na1 Kf7 23. Nc2 Kg7 24. Ne1 Qc7 25. Nd3 Rhc8 26. Nb2 Qb7 27. Bd3 Nc7 28. Be4 Ne8 29. c5 bxc5 30. bxc5 Bb5 31. c6 Qa6 32. Rfd1 Nc7 33. Bb1 Rh8 34. Qc2 Rag8 35. Qf5 Qc8 36. Qc2 Kf7 37. Nxa4 Qa6 38. Nc3 Bc4 39. a4 Rh6 0-1

[Event "Titled Tuesday intern op 29th Mar Late"]
[Site "Chess.com INT"]
[Date "2022.03.29"]
[Round "8"]
[White "De la Colina, Nicolas"]
[Black "Almagro Mazariegos, Sebastian"]
[Result "1-0"]
[WhiteElo "2181"]
[BlackElo "2280"]
[PlyCount "99"]
[EventDate "2022.03.29"]
[EventType "swiss (blitz)"]
[EventRounds "11"]
[EventCountry "USA"]
[SourceTitle "CBM 207 Extra"]
[Source "ChessBase"]
[SourceDate "2022.05.31"]
[SourceVersion "1"]
[SourceVersionDate "2022.05.31"]
[SourceQuality "1"]

1. e4 c5 2. c3 d5 3. exd5 Qxd5 4. d4 Nf6 5. Nf3 e6 6. Na3 a6 7. Nc4 Nbd7 8. Be2 b5 9. Ne3 Qd6 10. a4 b4 11. 0-0 Bb7 12. Nc4 Qc7 13. cxb4 cxd4 14. Qxd4 Bxb4 15. Bf4 Qc6 16. Nd6+ Bxd6 17. Bxd6 Qe4 18. Qd2 Qd5 19. Qxd5 Nxd5 20. Rfd1 f6 21. Nd4 Kf7 22. Bg4 Rhe8 23. Rac1 f5 24. Bh5+ g6 25. Bf3 Rac8 26. a5 Rxc1 27. Rxc1 Rc8 28. Rxc8 Bxc8 29. Bxd5 exd5 30. Kf1 Nf6 31. f3 Ne8 32. Be5 Ke7 33. Ke2 Nd6 34. Bxd6+ Kxd6 35. b4 Ke5 36. Ke3 f4+ 37. Kd3 Bd7 38. b5 axb5 39. a6 Bc8 40. a7 Bb7 41. Nxb5 g5 42. h3 h5 43. Nc7 g4 44. hxg4 hxg4 45. a8Q Bxa8 46. Nxa8 gxf3 47. gxf3 Kf5 48. Nb6 Kg5 49. Nxd5 Kf5 50. Kd4 1-0

[Event "Titled Tuesday intern op 21st Dec"]
[Site "Chess.com INT"]
[Date "2021.12.21"]
[Round "5"]
[White "Almagro Mazariegos, Sebastian"]
[Black "Martinez, Shawn"]
[Result "0-1"]
[WhiteElo "2298"]
[BlackElo "1881"]
[PlyCount "58"]
[EventDate "2021.12.21"]
[EventType "swiss (blitz)"]
[EventRounds "11"]
[EventCountry "USA"]
[SourceTitle "CBM 205 Extra"]
[Source "ChessBase"]
[SourceDate "2022.01.31"]
[SourceVersion "1"]
[SourceVersionDate "2022.01.31"]
[SourceQuality "1"]

1. e4 c5 2. Nf3 e6 3. d4 cxd4 4. Nxd4 a6 5. Nc3 Bb4 6. Bd2 d6 7. Bd3 Nf6 8. 0-0 0-0 9. Re1 Qc7 10. Ncb5 axb5 11. Bxb4 Bd7 12. e5 dxe5 13. Bxf8 exd4 14. Be7 Nd5 15. Bh4 Bc6 16. Bg3 Qe7 17. Be4 Qc5 18. Be5 Ra4 19. Qg4 Qf8 20. Qh3 f5 21. Bd3 Nd7 22. b3 Ra8 23. Bxd4 Re8 24. Qg3 N7f6 25. Bxf6 Qxf6 26. Qe5 Qxe5 27. Rxe5 Nf4 28. Rae1 Nxg2 29. Rxe6 Nxe1 0-1

[Event "Titled Tuesday intern op 07th Dec"]
[Site "Chess.com INT"]
[Date "2021.12.07"]
[Round "9"]
[White "Almagro Mazariegos, Sebastian"]
[Black "Blokhin, Sofia"]
[Result "0-1"]
[WhiteElo "2298"]
[BlackElo "2032"]
[PlyCount "48"]
[EventDate "2021.12.07"]
[EventType "swiss (blitz)"]
[EventRounds "11"]
[EventCountry "USA"]
[SourceTitle "CBM 205 Extra"]
[Source "ChessBase"]
[SourceDate "2022.01.31"]
[SourceVersion "1"]
[SourceVersionDate "2022.01.31"]
[SourceQuality "1"]

1. e4 c5 2. Nf3 e6 3. d4 cxd4 4. Nxd4 a6 5. Nc3 Qc7 6. Bd3 Nf6 7. 0-0 Bd6 8. h3 Nc6 9. Nxc6 dxc6 10. a4 e5 11. a5 0-0 12. Be3 Be6 13. Na4 Qe7 14. Qe2 Rad8 15. Bb6 Rc8 16. f4 Bd7 17. f5 g6 18. g4 gxf5 19. gxf5 Kh8 20. Kh1 c5 21. Nc3 Bc6 22. Bc4 Rg8 23. Rg1 Nxe4 24. Nxe4 Qh4 0-1

[Event "Titled Tuesday intern op 07th Dec"]
[Site "Chess.com INT"]
[Date "2021.12.07"]
[Round "8"]
[White "Padmini, Rout"]
[Black "Almagro Mazariegos, Sebastian"]
[Result "1-0"]
[WhiteElo "2345"]
[BlackElo "2298"]
[PlyCount "89"]
[EventDate "2021.12.07"]
[EventType "swiss (blitz)"]
[EventRounds "11"]
[EventCountry "USA"]
[SourceTitle "CBM 205 Extra"]
[Source "ChessBase"]
[SourceDate "2022.01.31"]
[SourceVersion "1"]
[SourceVersionDate "2022.01.31"]
[SourceQuality "1"]

1. Nf3 Nf6 2. g3 g6 3. Bg2 Bg7 4. 0-0 0-0 5. d4 d6 6. b3 c5 7. Bb2 cxd4 8. Nxd4 a6 9. c4 Qc7 10. Nc3 Nc6 11. Rc1 Nxd4 12. Qxd4 Bd7 13. Qh4 Bc6 14. Nd5 Bxd5 15. cxd5 Qa5 16. a3 Qd2 17. Bxf6 Bxf6 18. Qc4 Qa5 19. a4 Qb6 20. Bh3 a5 21. e3 Bb2 22. Qc7 Qxb3 23. Rb1 Rfe8 24. Rfd1 Qc3 25. Qxb7 Ba3 26. Bd7 Red8 27. Bb5 Qf6 28. Bc6 Rac8 29. Qa7 Bb4 30. Rd4 Rb8 31. Rf4 Qg5 32. Qc7 Kg7 33. h4 Qe5 34. Kg2 f5 35. Rc4 Qf6 36. Bb5 h6 37. Qa7 g5 38. hxg5 hxg5 39. Rc7 Kf7 40. Bd7 Rh8 41. Be6+ Kf8 42. Qxb8+ Kg7 43. Qb7 Kf8 44. Qc8+ Kg7 45. Qd7 1-0

[Event "Titled Tuesday intern op 07th Dec"]
[Site "Chess.com INT"]
[Date "2021.12.07"]
[Round "2"]
[White "Silva, Miguel Antonio Neto"]
[Black "Almagro Mazariegos, Sebastian"]
[Result "1-0"]
[WhiteElo "2233"]
[BlackElo "2298"]
[PlyCount "39"]
[EventDate "2021.12.07"]
[EventType "swiss (blitz)"]
[EventRounds "11"]
[EventCountry "USA"]
[SourceTitle "CBM 205 Extra"]
[Source "ChessBase"]
[SourceDate "2022.01.31"]
[SourceVersion "1"]
[SourceVersionDate "2022.01.31"]
[SourceQuality "1"]

1. d4 Nf6 2. c4 e6 3. Nf3 Bb4+ 4. Nbd2 d5 5. e3 0-0 6. a3 Bxd2+ 7. Bxd2 Nbd7 8. Rc1 c6 9. Bd3 Re8 10. 0-0 e5 11. dxe5 Nxe5 12. Nxe5 Rxe5 13. Bc3 Re8 14. Qc2 h6 15. Rfd1 Be6 16. cxd5 Nxd5 17. Bh7+ Kh8 18. e4 Qg5 19. exd5 Bxd5 20. g3 1-0

[Event "Titled Tuesday intern op 12th Oct"]
[Site "Chess.com INT"]
[Date "2021.10.12"]
[Round "1"]
[White "Almagro Mazariegos, Sebastian"]
[Black "Isajevsky, Anton"]
[Result "1-0"]
[WhiteElo "2292"]
[BlackElo "2403"]
[PlyCount "65"]
[EventDate "2021.10.12"]
[EventType "swiss (blitz)"]
[EventRounds "11"]
[EventCountry "USA"]
[SourceTitle "EXT 2023"]
[Source "ChessBase"]
[SourceDate "2022.10.05"]
[SourceVersion "1"]
[SourceVersionDate "2022.10.05"]
[SourceQuality "1"]

1. e4 c5 2. Nf3 d6 3. d4 cxd4 4. Nxd4 Nf6 5. Nc3 a6 6. f3 e5 7. Nb3 Be6 8. Be3 Nbd7 9. Qd2 h5 10. Nd5 Bxd5 11. exd5 g6 12. Be2 a5 13. a4 Bg7 14. 0-0 0-0 15. c3 Qc7 16. Bb5 Kh7 17. c4 Rfd8 18. h3 Nc5 19. Nxc5 dxc5 20. Rad1 Bf8 21. Bg5 Rd6 22. Rfe1 Nd7 23. Bxd7 Rxd7 24. f4 Bd6 25. fxe5 Bxe5 26. Kh1 Ra6 27. Rf1 f6 28. Bf4 Bxf4 29. Rxf4 Kg7 30. Re4 Qg3 31. Rde1 Rad6 32. Re7+ Kf8 33. Qh6+ 1-0

[Event "Titled Tuesday intern op 12th Oct"]
[Site "Chess.com INT"]
[Date "2021.10.12"]
[Round "3"]
[White "Avramidou, Anastasia"]
[Black "Almagro Mazariegos, Sebastian"]
[Result "1/2-1/2"]
[WhiteElo "2217"]
[BlackElo "2292"]
[PlyCount "156"]
[EventDate "2021.10.12"]
[EventType "swiss (blitz)"]
[EventRounds "11"]
[EventCountry "USA"]
[SourceTitle "EXT 2023"]
[Source "ChessBase"]
[SourceDate "2022.10.05"]
[SourceVersion "1"]
[SourceVersionDate "2022.10.05"]
[SourceQuality "1"]

1. c4 Nf6 2. Nc3 g6 3. e4 d6 4. d4 Bg7 5. Bd3 0-0 6. Nge2 c5 7. d5 Na6 8. 0-0 e5 9. a3 Nc7 10. b4 b6 11. Kh1 cxb4 12. axb4 a5 13. bxa5 bxa5 14. Be3 Na6 15. f3 Nd7 16. Nb5 Ndc5 17. Bc2 Qb6 18. Qd2 Nb4 19. Rfb1 Bd7 20. Nec3 Bxb5 21. Nxb5 Rfc8 22. Bd1 Qd8 23. Ra3 f5 24. exf5 gxf5 25. Bg5 Bf6 26. Be3 e4 27. Bxc5 Rxc5 28. fxe4 fxe4 29. Rg3+ Kh8 30. Be2 Be5 31. Rh3 Qe7 32. Nd4 Bxd4 33. Qxd4+ Qe5 34. Qxe5+ dxe5 35. Re3 Nd3 36. Bxd3 exd3 37. Rxd3 Rxc4 38. d6 Rd4 39. Rxd4 exd4 40. Rd1 a4 41. Rxd4 a3 42. Rd1 a2 43. Ra1 Rd8 44. Rxa2 Rxd6 45. h3 Kg7 46. Kh2 Kg6 47. Rf2 Rd3 48. g4 h5 49. Rf5 hxg4 50. hxg4 Rb3 51. Kg2 Rc3 52. Rf3 Rc8 53. Kg3 Kg7 54. Kh4 Kg8 55. Kh5 Rb8 56. Rd3 Rc8 57. Rd7 Rb8 58. g5 Rc8 59. Kh6 Rb8 60. g6 Rc8 61. Rg7+ Kh8 62. Re7 Kg8 63. Kg5 Ra8 64. Re6 Rb8 65. Kf6 Rf8+ 66. Ke7 Ra8 67. Rf6 Ra7+ 68. Ke6 Ra8 69. Kf5 Rb8 70. Kg5 Rc8 71. Kh6 Rb8 72. g7 Ra8 73. Kg6 Rb8 74. Rd6 Ra8 75. Re6 Rb8 76. Rf6 Rc8 77. Rf8+ Rxf8 78. gxf8Q+ Kxf8 1/2-1/2

[Event "Titled Tuesday intern op 21st Sept"]
[Site "Chess.com INT"]
[Date "2021.09.21"]
[Round "4"]
[White "Bendayan Claros, Aaron Arturo"]
[Black "Almagro Mazariegos, Sebastian"]
[Result "1-0"]
[WhiteElo "2188"]
[BlackElo "2292"]
[PlyCount "41"]
[EventDate "2021.09.21"]
[EventType "swiss (blitz)"]
[EventRounds "9"]
[EventCountry "USA"]
[SourceTitle "EXT 2022"]
[Source "ChessBase"]
[SourceDate "2021.10.06"]
[SourceVersion "1"]
[SourceVersionDate "2021.10.06"]
[SourceQuality "1"]

1. d4 Nf6 2. Bg5 e6 3. e4 h6 4. Bxf6 Qxf6 5. c3 d6 6. Bd3 e5 7. Ne2 c6 8. 0-0 Be7 9. Nd2 0-0 10. f4 exd4 11. cxd4 Bg4 12. e5 dxe5 13. fxe5 Qh4 14. Nf3 Bxf3 15. Rxf3 Nd7 16. Qb3 c5 17. e6 Nf6 18. exf7+ Kh8 19. Nf4 g5 20. Ng6+ Kg7 21. Nxh4 1-0

[Event "Titled Tuesday intern op 21st Sept"]
[Site "Chess.com INT"]
[Date "2021.09.21"]
[Round "2"]
[White "Hajiyeva, Laman"]
[Black "Almagro Mazariegos, Sebastian"]
[Result "1-0"]
[WhiteElo "1974"]
[BlackElo "2292"]
[PlyCount "57"]
[EventDate "2021.09.21"]
[EventType "swiss (blitz)"]
[EventRounds "9"]
[EventCountry "USA"]
[SourceTitle "EXT 2022"]
[Source "ChessBase"]
[SourceDate "2021.10.06"]
[SourceVersion "1"]
[SourceVersionDate "2021.10.06"]
[SourceQuality "1"]

1. d4 Nf6 2. c4 g6 3. Nc3 Bg7 4. e4 d6 5. f4 0-0 6. Nf3 c5 7. d5 e6 8. Be2 exd5 9. cxd5 Bg4 10. e5 dxe5 11. fxe5 Nfd7 12. e6 Bxf3 13. Bxf3 Ne5 14. 0-0 Nxf3+ 15. Rxf3 fxe6 16. Be3 exd5 17. Bxc5 Rxf3 18. Qxf3 Nc6 19. Nxd5 Ne5 20. Qb3 Kh8 21. Rf1 b6 22. Be7 Qd7 23. Bf6 Bxf6 24. Nxf6 Qd4+ 25. Kh1 Rf8 26. Qb5 Nd7 27. Nxd7 Rxf1+ 28. Qxf1 Qxd7 29. Qf8# 1-0

[Event "Titled Tuesday intern op 19th May"]
[Site "Chess.com INT"]
[Date "2020.05.19"]
[Round "2"]
[White "Almagro Mazariegos, Sebastian"]
[Black "Gatineau, Yovann"]
[Result "0-1"]
[WhiteElo "2292"]
[BlackElo "2423"]
[PlyCount "44"]
[EventDate "2020.05.19"]
[EventType "swiss (blitz)"]
[EventRounds "10"]
[EventCountry "USA"]
[SourceTitle "EXT 2021"]
[Source "ChessBase"]
[SourceDate "2020.10.23"]
[SourceVersion "1"]
[SourceVersionDate "2020.10.23"]
[SourceQuality "1"]

1. e4 c6 2. c4 g6 3. d4 Bg7 4. Nc3 d6 5. Be2 Nf6 6. h3 0-0 7. Nf3 a6 8. Be3 b5 9. cxb5 axb5 10. b4 Nbd7 11. 0-0 Nb6 12. d5 cxd5 13. exd5 Bb7 14. Nxb5 Nfxd5 15. Bd4 e5 16. Bb2 Nxb4 17. Qxd6 Nxa2 18. Bxe5 Qxd6 19. Nxd6 Bxf3 20. Bxg7 Bxe2 21. Bxf8 Bxf1 22. Kxf1 Kxf8 0-1

[Event "Iberoamerican-ch 7th"]
[Site "Linares"]
[Date "2019.08.14"]
[Round "5"]
[White "Almagro Mazariegos, Sebastian"]
[Black "Cori Tello, Deysi Estella"]
[Result "1-0"]
[WhiteElo "2268"]
[BlackElo "2400"]
[PlyCount "81"]
[EventDate "2019.08.10"]
[EventType "swiss"]
[EventRounds "9"]
[EventCountry "ESP"]
[SourceTitle "CBM 191 Extra"]
[Source "ChessBase"]
[SourceDate "2019.09.30"]
[SourceVersion "1"]
[SourceVersionDate "2019.09.30"]
[SourceQuality "1"]

1. e4 c5 2. Nf3 e6 3. d4 cxd4 4. Nxd4 Nc6 5. Nc3 a6 6. Nxc6 bxc6 7. e5 Qa5 8. f4 Bb7 9. Bd3 f5 10. Bd2 Qc7 11. Qe2 Ne7 12. g4 fxg4 13. Qxg4 c5 14. Rg1 0-0-0 15. Qe2 Nc6 16. 0-0-0 Nd4 17. Qf1 Qb6 18. Be3 g6 19. Be4 d5 20. exd6 Bxd6 21. Qc4 Kb8 22. Bxb7 Qxb7 23. Kb1 Rhf8 24. Rgf1 Rc8 25. Bxd4 cxd4 26. Qxd4 Bc7 27. Qe3 Qc6 28. a3 Ka8 29. h3 Rb8 30. Rfe1 Rb6 31. Rd4 Rf6 32. Qd3 Rxf4 33. Rxf4 Bxf4 34. Re4 Bc7 35. Rc4 Qb7 36. Na4 Rb5 37. b4 Rf5 38. Qd7 Rf1+ 39. Ka2 Bb8 40. Qxe6 Rf3 41. Nc5 1-0

[Event "Iberoamerican-ch 7th"]
[Site "Linares"]
[Date "2019.08.12"]
[Round "3"]
[White "Almagro Mazariegos, Sebastian"]
[Black "Gines Abad, Pedro"]
[Result "1-0"]
[WhiteElo "2268"]
[BlackElo "1964"]
[PlyCount "49"]
[EventDate "2019.08.10"]
[EventType "swiss"]
[EventRounds "9"]
[EventCountry "ESP"]
[SourceTitle "CBM 191 Extra"]
[Source "ChessBase"]
[SourceDate "2019.09.30"]
[SourceVersion "1"]
[SourceVersionDate "2019.09.30"]
[SourceQuality "1"]

1. e4 c6 2. c4 d5 3. cxd5 cxd5 4. exd5 Nf6 5. Nc3 Nxd5 6. Nf3 g6 7. Bc4 Nxc3 8. Qb3 e6 9. Qxc3 Rg8 10. d4 Nc6 11. 0-0 Bg7 12. Be3 Bd7 13. Qd2 Qa5 14. Qe2 Ne7 15. Bg5 h6 16. Bxe7 Kxe7 17. d5 Rge8 18. Ne5 Bc8 19. Rfe1 Kf8 20. Qf3 Bxe5 21. Rxe5 exd5 22. Rxe8+ Kxe8 23. Bxd5 Bf5 24. Bxf7+ Kd8 25. Qxb7 1-0

[Event "Iberoamerican-ch 7th"]
[Site "Linares"]
[Date "2019.08.10"]
[Round "1"]
[White "Almagro Mazariegos, Sebastian"]
[Black "Henriquez Villagra, Cristobal"]
[Result "0-1"]
[WhiteElo "2268"]
[BlackElo "2562"]
[PlyCount "96"]
[EventDate "2019.08.10"]
[EventType "swiss"]
[EventRounds "9"]
[EventCountry "ESP"]
[SourceTitle "CBM 191 Extra"]
[Source "ChessBase"]
[SourceDate "2019.09.30"]
[SourceVersion "1"]
[SourceVersionDate "2019.09.30"]
[SourceQuality "1"]

1. e4 c5 2. Nf3 d6 3. d4 cxd4 4. Nxd4 Nf6 5. Nc3 Nc6 6. f3 e5 7. Nb3 Be7 8. Be3 Be6 9. Qd2 d5 10. exd5 Nxd5 11. Nxd5 Qxd5 12. Qxd5 Bxd5 13. 0-0-0 0-0-0 14. Bd3 Kc7 15. Be4 Bxe4 16. fxe4 b6 17. Rxd8 Rxd8 18. Rf1 Rf8 19. Nd2 Kd7 20. c3 h5 21. h3 Ke6 22. Kd1 g6 23. g4 hxg4 24. hxg4 Rh8 25. Nf3 f6 26. Ke2 Na5 27. Nd2 Nb7 28. b4 Nd6 29. a4 f5 30. gxf5+ gxf5 31. exf5+ Nxf5 32. Bf2 Rh3 33. Rc1 Bg5 34. Rc2 Bxd2 35. Kxd2 e4 36. Kc1 Rh1+ 37. Kb2 e3 38. Bxe3 Nxe3 39. Re2 Rh3 40. Kb3 Kd6 41. Rf2 Nd5 42. Rc2 a5 43. bxa5 bxa5 44. Rc1 Kc5 45. Rc2 Rh7 46. Re2 Rb7+ 47. Kc2 Re7 48. Rh2 Re3 0-1

[Event "Andalucia-chT Honor Oriental"]
[Site "Andalucia"]
[Date "2018.11.18"]
[Round "7.26"]
[White "Domingo Nunez, Alejandro"]
[Black "Almagro Mazariegos, Sebastian"]
[Result "1-0"]
[WhiteElo "2371"]
[BlackElo "2287"]
[PlyCount "69"]
[EventDate "2018.09.30"]
[EventType "team-tourn"]
[EventRounds "7"]
[EventCountry "ESP"]
[SourceTitle "EXT 2020"]
[Source "ChessBase"]
[SourceDate "2019.10.17"]
[SourceVersion "1"]
[SourceVersionDate "2019.10.17"]
[SourceQuality "1"]
[WhiteTeam "Caja Granada"]
[BlackTeam "Casino Primitivo"]
[WhiteTeamCountry "ESP"]
[BlackTeamCountry "ESP"]

1. e4 c5 2. Nf3 d6 3. d4 cxd4 4. Nxd4 Nf6 5. Nc3 a6 6. f3 e5 7. Nb3 Be6 8. Be3 h5 9. Qd2 Nbd7 10. 0-0-0 Rc8 11. Kb1 Be7 12. a3 b5 13. Bg5 Qb6 14. h4 0-0 15. Be2 Rc7 16. Nd5 Bxd5 17. exd5 Rfc8 18. Rc1 Qb7 19. Rhd1 Nb6 20. Na5 Qxd5 21. Qxd5 Nbxd5 22. c4 bxc4 23. Bxc4 Rc5 24. b4 Rb8 25. Nb3 Nxb4 26. Ka1 Nc6 27. Nxc5 dxc5 28. Rb1 Ra8 29. Rb6 Nd4 30. Rdb1 Nb5 31. a4 Bd8 32. Rb7 Ba5 33. Bxf7+ Kf8 34. axb5 axb5 35. R1xb5 1-0

[Event "ESP-ch rapid"]
[Site "Linares"]
[Date "2016.08.14"]
[Round "9"]
[White "Almagro Llamas, Pablo"]
[Black "Almagro Mazariegos, Sebastian"]
[Result "1-0"]
[WhiteElo "2436"]
[BlackElo "2303"]
[PlyCount "77"]
[EventDate "2016.08.14"]
[EventType "swiss (rapid)"]
[EventRounds "9"]
[EventCountry "ESP"]
[SourceTitle "CBM 173 Extra"]
[Source "ChessBase"]
[SourceDate "2016.08.29"]
[SourceVersion "1"]
[SourceVersionDate "2016.08.29"]
[SourceQuality "1"]

1. d4 Nf6 2. Nf3 e6 3. e3 b6 4. Bd3 Bb7 5. 0-0 c5 6. c4 Be7 7. Nc3 cxd4 8. exd4 d5 9. cxd5 Nxd5 10. Ne5 0-0 11. Qg4 Nd7 12. Bh6 Bf6 13. Qe4 g6 14. Bxf8 Kxf8 15. Nxd5 Bxd5 16. Qf4 Kg7 17. Be4 Nxe5 18. dxe5 Bg5 19. Qf3 Bxe4 20. Qxe4 Rc8 21. Rfd1 Qc7 22. h4 Be7 23. Rd2 Qc5 24. Rad1 Rc7 25. g3 h5 26. Rd7 a5 27. Rxc7 Qxc7 28. Kg2 Bc5 29. a3 Bf8 30. Rd2 Bc5 31. b4 axb4 32. axb4 Be7 33. Rc2 Qd7 34. Rc6 Bxb4 35. Rxb6 Bc5 36. Rb7 Qe8 37. Qf3 Be7 38. Ra7 Qd8 39. Qb7 1-0